000 00278nam a2200121Ia 4500
008 190216s9999||||xx |||||||||||||| ||und||
100 _a"Ganguly,Das,Dutt"
245 0 _aCollege Botany
260 _bNew Central Book Agencies
300 _a1116
650 _aBotany
942 _cBK
999 _c1105
_d1105